Loading...
| Literature - American | 0 | 12 | 0 | 1 | 120 | 84 | 118.58 | 3 | 9 | 13.89 | 66.67 |
| Philosophy | 0 | 12 | 0 | 0 | 120 | 41 | 85.67 | 5 | 11 | 31.81 | 78.21 |
| Social Science | 0 | 11 | 0 | 2 | 110 | 48 | 82.73 | 4 | 10 | 28.31 | 65.38 |
| Fine Arts - Other | 0 | 11 | 0 | 2 | 110 | 48 | 101.82 | 5 | 10 | 21.38 | 61.54 |
| Science - Biology | 0 | 9 | 0 | 2 | 90 | 47 | 101.44 | 3 | 5 | 11.26 | 47.44 |
| Fine Arts - Classical Music | 0 | 10 | 2 | 0 | 90 | 37 | 100.20 | 6 | 10 | 17.77 | 66.67 |
| History - American | 0 | 9 | 1 | 0 | 85 | 22 | 89.56 | 4 | 7 | 19.05 | 53.85 |
| Mythology | 0 | 8 | 1 | 2 | 75 | 77 | 118.50 | 1 | 5 | 9.13 | 35.90 |
| Literature - European | 0 | 8 | 2 | 1 | 70 | 63 | 101.75 | 4 | 7 | 15.12 | 50.00 |
| Fine Arts - Painting and Sculpture | 0 | 8 | 2 | 0 | 70 | 76 | 109.13 | 3 | 6 | 13.66 | 44.87 |
| History - European | 0 | 7 | 0 | 0 | 70 | 50 | 89.71 | 0 | 6 | 17.42 | 34.62 |
| History - World | 0 | 8 | 2 | 2 | 70 | 66 | 98.75 | 3 | 6 | 13.94 | 39.74 |
| Literature - World | 0 | 8 | 2 | 3 | 70 | 70 | 119.88 | 2 | 4 | 8.56 | 33.33 |
| Literature - British | 0 | 8 | 3 | 0 | 65 | 48 | 101.38 | 4 | 8 | 16.86 | 47.44 |
| Science - Chemistry | 0 | 7 | 1 | 2 | 65 | 60 | 110.00 | 2 | 5 | 5.24 | 35.90 |
| Religion | 0 | 6 | 0 | 1 | 60 | 93 | 124.83 | 1 | 4 | 4.52 | 28.21 |
| Science - Other | 0 | 5 | 0 | 0 | 50 | 104 | 113.20 | 1 | 5 | 2.96 | 26.92 |
| Science - Physics | 0 | 5 | 0 | 1 | 50 | 92 | 111.80 | 1 | 4 | 4.86 | 28.21 |
| History - Other | 0 | 5 | 3 | 1 | 35 | 105 | 117.60 | 2 | 3 | 3.99 | 24.36 |
| Geography | 0 | 3 | 0 | 0 | 30 | 84 | 93.67 | 0 | 3 | 22.43 | 54.17 |
| Pop Culture | 0 | 2 | 0 | 0 | 20 | 79 | 86.50 | 1 | 2 | 26.24 | 61.11 |
| Current Events | 0 | 2 | 0 | 0 | 20 | 77 | 95.00 | 0 | 0 | 10.99 | 16.67 |